Die teuersten Fußballtransfers - Geboren 1986 - Statistiken

Allgemein
  • Dieses Quiz wurde 41 mal gespielt
  • Das Durchschnittsergebnis liegt bei 8 aus 10
Antwortstatistiken
Ablöse (M €) Saison Nationalität Abgebender Verein Aufnehmender Verein Spieler % Korrekt
56,00 2016-2017 Brasilien Zenit S-Pb Shanghai SIPG Hulk
100%
40,00 2012-2013 Brasilien FC Porto Zenit S-Pb Hulk
100%
30,00 2011-2012 Deutschland FC SChalke 04 Bayern München Manuel Neuer
100%
37,00 2010-2011 Bosnien und Herzegowina VfL Wolfsburg Manchester City Edin Dzeko
92%
43,00 2013-2014 Kolumbien Atlético Madrid AS Monaco Radamel Falcao
89%
40,00 2011-2012 Kolumbien FC Porto Atlético Madrid Radamel Falcao
89%
28,75 2010-2011 Spanien FC Valencia Manchester City David Silva
70%
42,00 2015-2016 Kolumbien Atlético Madrid Guangzhou Evergrande Jackson Martínez
46%
35,00 2015-2016 Kolumbien FC Porto Atlético Madrid Jackson Martínez
46%
33,30 2015-2016 Kolumbien FC Sevilla AC Mailand Carlos Bacca
32%
Keine übereinstimmenden Quizze gefunden
Verteilung der Resultate
Anzahl Personen mit jedem Resultat
Perzentil nach korrekt beantworteten Fragen
Ihre Resultats-Entwicklung
Sie haben dieses Quiz noch nicht gespielt